[Event "AUTO-MASTER-3087"]
[Site "http://www.queenalice.com/game.php?id=1781216"]
[Date "2022.1.25"]
[Round "1"]
[White "ClogViking"]
[Black "clovis"]
[Result "1-0"]
[WhiteElo "1993"]
[BlackElo "2104"]

1. e4 e5 2. Bc4 Bc5 3. Nf3 Nc6 4. O-O Nf6 5. d4 exd4 6. e5 d5 7. exf6 dxc4 8.
Ng5 Qxf6 9. Re1+ Be6 10. Nxe6 fxe6 11. Qh5+ g6 12. Qxc5 O-O-O 13. Qxc4 Rdf8 14.
Qxe6+ 1-0

[Event "AUTO-MASTER-3087"]
[Site "http://www.queenalice.com/game.php?id=1781233"]
[Date "2022.1.25"]
[Round "1"]
[White "ClogViking"]
[Black "alvm"]
[Result "1-0"]
[WhiteElo "2056"]
[BlackElo "2148"]

1. e4 c6 2. Nf3 d5 3. Nc3 dxe4 4. Nxe4 Bf5 5. Ng3 Bg6 6. h4 h6 7. Ne5 Bh7 8. Qh5
g6 9. Bc4 e6 10. Qe2 Bg7 11. Nxf7 Qd4 12. Qxe6+ Ne7 13. Nxh8 Bxh8 14. Qf7+ Kd8
15. Qxh7 Be5 16. Qf7 Nd7 17. c3 Qd6 18. Ne4 Qc7 19. d4 Bd6 20. Nxd6 Qxd6 21. Bf4
Qf6 22. Qxf6 Nxf6 23. Bxh6 Kd7 24. Bg5 Re8 25. Bxf6 Nd5+ 26. Kd2 Nxf6 27. f3 1-0

[Event "AUTO-MASTER-3087"]
[Site "http://www.queenalice.com/game.php?id=1781234"]
[Date "2022.1.25"]
[Round "1"]
[White "alvm"]
[Black "ClogViking"]
[Result "1-0"]
[WhiteElo "2123"]
[BlackElo "2039"]

1. d4 d6 2. c4 Nf6 3. Nc3 Nbd7 4. e4 e5 5. Nf3 c6 6. Be2 Be7 7. O-O Qc7 8. h3 h6
9. Be3 g5 10. Rc1 Nf8 11. Qd2 g4 12. hxg4 Bxg4 13. Rfd1 Ng6 14. c5 O-O-O 15.
cxd6 Bxd6 16. Nb5 Qb8 17. d5 Nxe4 18. Qc2 1-0

[Event "AUTO-MASTER-3087"]
[Site "http://www.queenalice.com/game.php?id=1781235"]
[Date "2022.1.25"]
[Round "1"]
[White "ClogViking"]
[Black "LuisGabriel_HD"]
[Result "0-1"]
[WhiteElo "2035"]
[BlackElo "1914"]

1. e4 e5 2. Bc4 Nf6 3. d4 exd4 4. Nf3 h6 5. e5 Qe7 6. O-O Ne4 7. Qxd4 Ng5 8.
Nbd2 Nc6 9. Qc3 b6 10. Nxg5 hxg5 11. Nf3 Rh5 12. Re1 g4 13. Nd4 Qh4 14. Nxc6
Qxh2+ 15. Kf1 dxc6 0-1

[Event "AUTO-MASTER-3087"]
[Site "http://www.queenalice.com/game.php?id=1781236"]
[Date "2022.1.25"]
[Round "1"]
[White "LuisGabriel_HD"]
[Black "ClogViking"]
[Result "1-0"]
[WhiteElo "1935"]
[BlackElo "2014"]

1. e4 d6 2. d4 Nf6 3. Nc3 Nbd7 4. Nf3 e5 5. d5 h6 6. Bb5 a6 7. Bxd7+ Bxd7 8. O-O
Be7 9. Re1 c6 10. dxc6 bxc6 11. b3 O-O 12. Bb2 Bg4 13. Qd3 1-0

[Event "AUTO-ADV-4584"]
[Site "http://www.queenalice.com/game.php?id=1781540"]
[Date "2022.1.28"]
[Round "1"]
[White "askasl159"]
[Black "ClogViking"]
[Result "0-1"]
[WhiteElo "1652"]
[BlackElo "2033"]

1. e4 e5 2. f4 d6 3. Nf3 Nd7 4. Bc4 h6 5. Nc3 Ngf6 6. O-O c6 7. fxe5 dxe5 8. h3
Qc7 9. d4 Be7 10. dxe5 Nxe5 11. Nxe5 Qxe5 12. Bf4 Qc5+ 13. Kh1 Qxc4 14. Qd3 Qxd3
15. cxd3 O-O 16. d4 Bd7 17. e5 Nh5 18. Bh2 Be6 19. Rf3 g6 20. b3 Rad8 21. Rd1
Ng7 22. Rfd3 Bd5 23. Nxd5 cxd5 24. a4 Ne6 25. Rc1 Rc8 26. Rxc8 Rxc8 27. Bg1 Rc1
28. Kh2 Bb4 29. Be3 Rc3 30. Rxc3 Bxc3 31. Bxh6 Bxd4 0-1

[Event "AUTO-ADV-4584"]
[Site "http://www.queenalice.com/game.php?id=1781541"]
[Date "2022.1.28"]
[Round "1"]
[White "ClogViking"]
[Black "askasl159"]
[Result "1-0"]
[WhiteElo "2013"]
[BlackElo "1791"]

1. e4 e5 2. Bc4 Nf6 3. d4 Nxe4 4. dxe5 Bc5 5. Qd5 Bxf2+ 6. Kf1 O-O 7. Qxe4 Bxg1
8. Rxg1 Nc6 9. Bd3 Re8 10. Qxh7+ Kf8 11. Qh8+ Ke7 12. Bg5+ 1-0

[Event "AUTO-ADV-4584"]
[Site "http://www.queenalice.com/game.php?id=1781552"]
[Date "2022.1.28"]
[Round "1"]
[White "daddyrat"]
[Black "ClogViking"]
[Result "1-0"]
[WhiteElo "1834"]
[BlackElo "2085"]

1. e4 d6 2. d4 Nf6 3. Nc3 Nbd7 4. d5 e5 5. dxe6 fxe6 6. Nf3 h6 7. Bd3 e5 8. Be3
c6 9. O-O Qc7 10. Nh4 Nc5 11. Be2 Be6 12. Ng6 Rg8 13. b4 Ncxe4 14. Nxe4 O-O-O
15. c4 1-0

[Event "AUTO-ADV-4584"]
[Site "http://www.queenalice.com/game.php?id=1781553"]
[Date "2022.1.28"]
[Round "1"]
[White "ClogViking"]
[Black "daddyrat"]
[Result "0-1"]
[WhiteElo "2059"]
[BlackElo "1860"]

1. e4 e5 2. Bc4 Nf6 3. Nf3 Nc6 4. d4 exd4 5. Ng5 d5 6. exd5 Nxd5 7. O-O Be7 8.
Nxf7 Kxf7 9. Qf3+ Bf6 10. Bxd5+ Be6 11. Bxe6+ Kxe6 12. Qb3+ Kd7 13. Bf4 b6 14.
Qd5+ Kc8 15. Qxc6 Rb8 0-1

[Event "AUTO-ADV-4584"]
[Site "http://www.queenalice.com/game.php?id=1781560"]
[Date "2022.1.28"]
[Round "1"]
[White "ClogViking"]
[Black "PaulMSains"]
[Result "1-0"]
[WhiteElo "2076"]
[BlackElo "2028"]

1. e4 e5 2. Bc4 Nf6 3. Nf3 Nc6 4. O-O d5 5. exd5 Na5 6. Bb5+ Bd7 7. Bxd7+ Qxd7
8. Nxe5 Qxd5 9. Nc3 Qc5 10. d4 Qb6 11. Re1 O-O-O 12. Be3 Qxb2 13. Nxf7 Bb4 14.
Nxd8 Bxc3 15. Ne6 Bxe1 16. Qxe1 b6 17. c3 Rg8 18. Bf4 Nd5 19. Bg3 Re8 20. f4
Qxc3 21. Qxc3 Nxc3 22. f5 Ne2+ 23. Kf2 Nxg3 24. Kxg3 g6 25. Rc1 c6 26. Ng7 Rf8
27. fxg6 hxg6 28. Ne6 Re8 29. d5 c5 30. Nf4 g5 31. Ne6 Kd7 32. Nxg5 Re5 33. Nf3
Rxd5 34. h4 Nc6 35. Kh3 Ke6 36. Re1+ Kf6 37. Re2 Nd4 38. Rd2 Kg6 39. Nxd4 Rxd4
40. Rxd4 cxd4 41. Kg4 a5 42. Kf4 b5 43. Ke4 a4 44. Kxd4 b4 45. Kc4 b3 46. axb3
axb3 47. Kxb3 Kh5 48. g3 Kg4 49. Kc3 Kf5 50. Kd4 Kg4 51. Ke4 Kh5 52. Kf5 Kh6 53.
g4 1-0

[Event "AUTO-ADV-4584"]
[Site "http://www.queenalice.com/game.php?id=1781561"]
[Date "2022.1.28"]
[Round "1"]
[White "PaulMSains"]
[Black "ClogViking"]
[Result "1-0"]
[WhiteElo "1967"]
[BlackElo "2026"]

1. e4 e5 2. Nf3 d6 3. h3 Nf6 4. Nc3 Nbd7 5. Bc4 h6 6. O-O c6 7. d4 Qc7 8. dxe5
dxe5 9. Be3 Be7 10. Nh2 Nf8 11. Qf3 g5 12. Ng4 Bxg4 13. hxg4 Ng6 14. g3 O-O-O
15. Bxf7 Rhf8 16. Bxg6 Kb8 17. Bf5 Rh8 18. Qe2 Nd7 19. a4 Qa5 20. Qc4 h5 21. Qe6
Bf6 22. Qd6+ Qc7 23. Bxa7+ Kc8 24. Bxd7+ Rxd7 25. Qxf6 1-0

[Event "AUTO-MASTER-3088"]
[Site "http://www.queenalice.com/game.php?id=1781671"]
[Date "2022.1.29"]
[Round "1"]
[White "BeatifulDevil56"]
[Black "ClogViking"]
[Result "1-0"]
[WhiteElo "1958"]
[BlackElo "1911"]

1. b3 d6 2. d4 Nf6 3. Nf3 Nbd7 4. Bf4 c6 5. Nbd2 Qc7 6. e3 e5 7. dxe5 dxe5 8.
Bg3 Nh5 9. Bh4 Nhf6 10. Bxf6 Nxf6 11. h3 Be7 12. Be2 1-0

[Event "AUTO-MASTER-3088"]
[Site "http://www.queenalice.com/game.php?id=1781672"]
[Date "2022.1.29"]
[Round "1"]
[White "ClogViking"]
[Black "BeatifulDevil56"]
[Result "0-1"]
[WhiteElo "1925"]
[BlackElo "1967"]

1. e4 e5 2. Bc4 Bc5 3. d4 exd4 4. Bxf7+ Kf8 5. Bb3 Qh4 6. Qf3+ Qf6 7. Bf4 d6 8.
Nd2 h5 9. O-O-O Bg4 10. Qg3 Bxd1 11. Kxd1 Nd7 0-1

[Event "AUTO-MASTER-3088"]
[Site "http://www.queenalice.com/game.php?id=1781687"]
[Date "2022.1.29"]
[Round "1"]
[White "rmvwoods"]
[Black "ClogViking"]
[Result "1-0"]
[WhiteElo "2141"]
[BlackElo "1995"]

1. d4 d6 2. c4 Nf6 3. Nc3 Nbd7 4. e4 e5 5. Nf3 h6 6. Bd3 Be7 7. dxe5 dxe5 8. O-O
c6 9. Re1 Qc7 10. b3 Bb4 11. Bb2 O-O 12. a3 Be7 13. b4 b6 14. Qc2 Bb7 15. Ne2
Nh7 16. Ng3 Ng5 17. Nxg5 Bxg5 18. Rad1 Rae8 19. Nf5 Kh7 20. Bc1 Bxc1 21. Qxc1
Nf6 22. c5 Rd8 23. f3 Bc8 24. Nd6 Ne8 25. Nxe8 Rfxe8 26. Bb1 Be6 27. Re3 Rxd1+
28. Qxd1 1-0

[Event "AUTO-MASTER-3088"]
[Site "http://www.queenalice.com/game.php?id=1781688"]
[Date "2022.1.29"]
[Round "1"]
[White "ClogViking"]
[Black "rmvwoods"]
[Result "1-0"]
[WhiteElo "2035"]
[BlackElo "2166"]

1. e4 d6 2. d4 Nf6 3. Nc3 c6 4. h3 Qa5 5. Bd2 Qc7 6. Bd3 e5 7. dxe5 dxe5 8. Nf3
Be6 9. Ne2 Nbd7 10. O-O Be7 11. b4 O-O 12. c4 Rad8 13. Qc2 c5 14. a3 Nb8 15. b5
a6 16. Nc3 axb5 17. Nxb5 Qd7 18. Nxe5 Qc8 19. Ba5 Rde8 20. Na7 1-0

[Event "AUTO-MASTER-3088"]
[Site "http://www.queenalice.com/game.php?id=1781699"]
[Date "2022.1.29"]
[Round "1"]
[White "ClogViking"]
[Black "cerenzo72"]
[Result "1-0"]
[WhiteElo "2008"]
[BlackElo "2245"]

1. e4 e5 2. Bc4 Nf6 3. d4 exd4 4. Nf3 d5 5. exd5 Bb4+ 6. c3 Qe7+ 7. Qe2 Qxe2+ 8.
Kxe2 dxc3 9. bxc3 Bc5 10. Be3 Bd6 11. Re1 Bg4 12. Nd2 Nbd7 13. Kf1 O-O 14. Bb3
b5 15. h3 Bf5 16. Kg1 Be5 17. Nxe5 Nxe5 18. Bd4 Nd3 19. Re7 Rac8 20. Bxa7 Nd7
21. Bd4 c5 22. dxc6 Rxc6 23. g4 Rg6 24. Kh2 Be6 25. Bxe6 fxe6 26. Rxd7 Rxf2+ 27.
Bxf2 Nxf2 28. Rf1 Rf6 29. Kg2 1-0

[Event "AUTO-MASTER-3088"]
[Site "http://www.queenalice.com/game.php?id=1781700"]
[Date "2022.1.29"]
[Round "1"]
[White "cerenzo72"]
[Black "ClogViking"]
[Result "1-0"]
[WhiteElo "2211"]
[BlackElo "2049"]

1. e4 d6 2. Nf3 Nd7 3. d4 e5 4. Bc4 Be7 5. dxe5 dxe5 6. Qd5 Nb6 7. Qxf7+ Kd7 8.
Nxe5+ Kd6 9. Qxg7 Be6 10. Qxh8 Bf6 11. Qxh7 Bxe5 12. Bxe6 Kxe6 13. O-O Qf6 14.
Qh3+ Ke7 15. Nd2 Rf8 16. Nf3 Nc4 17. Bg5 1-0